Democratizing countries - Statistics

General Stats
  • This quiz has been taken 39 times
    16 since last reset
  • The average score is 6 of 14
Answer Stats
Country % Correct
Dominican Republic
58%
Georgia
58%
Malaysia
50%
Nepal
50%
Armenia
42%
Fiji
42%
Sri Lanka
42%
Ecuador
33%
Honduras
33%
Madagascar
33%
Malawi
33%
Seychelles
33%
Sierra Leone
25%
The Gambia
25%
No matching quizzes found
Score Distribution
Percent of People with Each Score
Percentile by Number Answered
Your Score History
You have not taken this quiz since the last reset